| 000 | 00862cam a2200277 4500 | ||
|---|---|---|---|
| 001 | 21879 | ||
| 003 | BD-RjUL | ||
| 005 | 20211209000736.0 | ||
| 008 | 140305r19631957enkab b 001 0 eng | ||
| 035 | _a(BD-RjUL)21944 | ||
| 040 |
_aDLC _cDLC _dBD-RjUL _beng |
||
| 041 | _aeng | ||
| 082 | 0 | 0 |
_a914.8 _bODS 1963 |
| 100 | 1 |
_aO'Dell, Andrew Charles, _d1909- _920194 |
|
| 245 | 1 | 4 |
_aThe Scandinavian world / _cAndrew Charles O'Dell. |
| 260 |
_aLondon : _bLongmans, Green, _c1957 [Impression 1963]. |
||
| 300 |
_axvi, 549 p. : _billus., maps, diagrs. ; _c23 cm. |
||
| 490 | 0 | _aGeographies for advanced study | |
| 504 | _aBibliography: p. 533-541. | ||
| 504 | _aIncludes index. | ||
| 651 | 0 |
_aScandinavia _xDescription and travel. _967071 |
|
| 651 | 0 |
_aGreenland _xDescription and travel. _967557 |
|
| 942 |
_2ddc _cBK |
||
| 999 |
_c21879 _d21879 |
||